<?xml version="1.0" encoding="UTF-8"?><?xml-stylesheet type="text/xsl" href="static/style.xsl"?><OAI-PMH xmlns="http://www.openarchives.org/OAI/2.0/" xmlns:xsi="http://www.w3.org/2001/XMLSchema-instance" xsi:schemaLocation="http://www.openarchives.org/OAI/2.0/ http://www.openarchives.org/OAI/2.0/OAI-PMH.xsd"><responseDate>2026-04-14T08:19:00Z</responseDate><request verb="GetRecord" identifier="oai:www.recercat.cat:10256/24174" metadataPrefix="marc">https://recercat.cat/oai/request</request><GetRecord><record><header><identifier>oai:recercat.cat:10256/24174</identifier><datestamp>2024-06-18T12:23:28Z</datestamp><setSpec>com_2072_452955</setSpec><setSpec>com_2072_2054</setSpec><setSpec>col_2072_453067</setSpec></header><metadata><record xmlns="http://www.loc.gov/MARC21/slim" xmlns:dcterms="http://purl.org/dc/terms/" xmlns:xsi="http://www.w3.org/2001/XMLSchema-instance" xmlns:doc="http://www.lyncode.com/xoai" xsi:schemaLocation="http://www.loc.gov/MARC21/slim http://www.loc.gov/standards/marcxml/schema/MARC21slim.xsd">
   <leader>00925njm 22002777a 4500</leader>
   <datafield ind2=" " ind1=" " tag="042">
      <subfield code="a">dc</subfield>
   </datafield>
   <datafield ind2=" " ind1=" " tag="720">
      <subfield code="a">Sala i Vila, Núria</subfield>
      <subfield code="e">author</subfield>
   </datafield>
   <datafield ind2=" " ind1=" " tag="260">
      <subfield code="c">2023-06-08</subfield>
   </datafield>
   <datafield ind2=" " ind1=" " tag="520">
      <subfield code="a">The paper considers the religious politics of José de la Serna, political leader and ec-clesiastical vice-patrono of Peru (1820-24), considering the reorganisation of bishoprics and their jurisdictions, relations with the ecclesiastical hierarchy, the extraordinary tax burdens imposed on ecclesiastical assets and revenues, the provision of curacies and reform of the regular clergy. It looks at the ambivalent attitude towards the 1812 Constitution of the ec-clesiastical institution, which assumed either Liberal Catholicist or absolutist positions in favour of the alliance between throne and altar, subordination to the papacy and rejection of the independence movement which was associated with idolism</subfield>
   </datafield>
   <datafield ind2=" " ind1=" " tag="520">
      <subfield code="a">El  objetivo  de  este  artículo  es  abordar  la  política  religiosa  de  José  de  la  Serna,  jefe  po-lítico  y  vice-patrono  del  Perú  (1820-1824),  —reorganización  de  obispados  y  sus  jurisdiccio-nes,  relación  con  la  jerarquía  eclesiástica,  cargas  fiscales  extraordinarias  sobre  bienes  y rentas eclesiásticas, provisión de curatos, reforma de regulares— y la actitud ambivalente de la  institución  eclesiástica  ante  la  Constitución  de  1812,  bien  asumiendo  cierto  liberalismo católico o bien asumiendo posiciones absolutistas en pro de la alianza de Dios y el trono, la subordinación al papado y el rechazo al independentismo, al que se equiparó con la idolatría</subfield>
   </datafield>
   <datafield ind2=" " ind1=" " tag="520">
      <subfield code="a">Investigación realizada en el marco del proyecto “Politeia bíblica y religión cívica en la Monarquía Católica (siglos XVI-XIX). discursos, prácticas, contrastes”, PGC2018-095458-BI00, financiado por el Ministerio de Ciencia, innovación y Universidades</subfield>
   </datafield>
   <datafield ind1="8" ind2=" " tag="024">
      <subfield code="a">http://hdl.handle.net/10256/24174</subfield>
   </datafield>
   <datafield tag="653" ind2=" " ind1=" ">
      <subfield code="a">Perú -- Història -- S. XIX</subfield>
   </datafield>
   <datafield tag="653" ind2=" " ind1=" ">
      <subfield code="a">Peru -- History -- 19th century</subfield>
   </datafield>
   <datafield tag="653" ind2=" " ind1=" ">
      <subfield code="a">Perú -- Política i govern -- S. XIX</subfield>
   </datafield>
   <datafield tag="653" ind2=" " ind1=" ">
      <subfield code="a">Peru -- Politics and government -- 19th century</subfield>
   </datafield>
   <datafield ind2="0" ind1="0" tag="245">
      <subfield code="a">Viva la Religión, el Rey y la Nación: el paradigma religioso en el Perú del Trienio Liberal</subfield>
   </datafield>
</record></metadata></record></GetRecord></OAI-PMH>